السكان وتخطيط وتنمية الموارد البشرية في العالم العربي : (Record no. 26604)
[ view plain ]
| 000 -الفاتح | |
|---|---|
| حقل البيانات ثابتة الطول | 01580nam a22002775a 4500 |
| 003 - محدد رقم الضبط | |
| رقم الضبط | OSt |
| 005 - وقت وتاريخ اخر تعامل مع التسجيلة | |
| رقم الضبط | 20180428142659.0 |
| 008 - عناصر البيانات ثابتة الطول - معلومات عامة | |
| حقل البيانات ثابتة الطول | 180428s1987 ua a frb 000 0 ara d |
| 020 ## - الرقم الدولى المعيارى للكتب | |
| الرقم الدولى المعيارى للكتاب | 9226060541 |
| 040 ## - مصدر الفهرسة | |
| وكالة الفهرسة الأصلية | EG-ScBUE |
| لغة الفهرسة | ara |
| وكالة النسخ | EG-ScBUE |
| 043 ## - رمز المنطقة الجغرافية | |
| رمز المنطقة الجغرافية | ma----- |
| 082 04 - رقم تصنيف ديوى العشرى | |
| رقم التصنيف | 331.1109174927 |
| رقم المادة | س ك ا |
| رقم الطبعة | 22 |
| 245 02 - بيان العنوان | |
| العنوان | السكان وتخطيط وتنمية الموارد البشرية في العالم العربي : |
| بقية العنوان | الأساليب والمنهجيات / |
| بيان المسئوليه,etc | مراجعة نبيل خوري، عبد المجيد فراج ؛ المساهمون نبيل خوري... [آخ.]. |
| 250 ## - بيان الطبعة | |
| بيان الطبعة | ط. 1. |
| 260 ## - PUBLICATION, DISTRIBUTION, ETC. (IMPRINT) | |
| مكان الناشر او الموزع | القاهرة : |
| اسم الناشر او الموزع | جامعة القاهرة، معهد الدراست والبحوث الإحصائية : |
| -- | منظمة العمل الدولية، المكتب الإقليمي للدول العربية، فريق عمل السكان والقوى العاملة في منطقة الشرق الأوسط وحوض البحر الأبيض المتوسط، |
| تاريخ النشر أو التوزيع | 1987. |
| 300 ## - الوصف المادى | |
| التعداد | 200 ص. : |
| تفاصيل ماديه اخرى للوعاء | إيض. ؛ |
| أبعاد الوعاء | 24 سم. |
| 504 ## - تبصرة ببليوجرافية | |
| تبصرة ببليوجرافية,الخ | يشتمل على إرجاعات ببليوجرافية. |
| 541 ## - تبصرة المصدر المباشر للتزويد | |
| مصدر التزويد | أ. محمد فريد خميس ؛ |
| طريقة التزويد | إهداء ؛ |
| 650 #7 - المدخل الاضافى بالموضوع-مصطلح موضوعى | |
| مصطلح موضوعي أو اسم جغرافي كعنصر مدخل | تخطيط القوى العاملة |
| التقسيم الفرعي الجغرافي | البلاد العربية. |
| مصدر الرأس أو المصطلح | BUEsh |
| 651 #7 - المدخل الاضافى بالموضوع - اسم جغرافى | |
| الاسم الجغرافي | البلاد العربية |
| التقسيم الفرعي العام | جوانب اجتماعية. |
| مصدر الرأس أو المصطلح | BUEsh |
| 651 #7 - المدخل الاضافى بالموضوع - اسم جغرافى | |
| الاسم الجغرافي | البلاد العربية |
| التقسيم الفرعي العام | جوانب اقتصادية. |
| مصدر الرأس أو المصطلح | BUEsh |
| 653 ## - مصطلح تكشيفى غير مقيد | |
| Resource For college | BAEPS, Political Science |
| -- | Generalities |
| Arrived date list | April2018 |
| 700 1# - المدخل الاضافى - اسم شخصى | |
| الإسم الشخصى | خوري، نبيل، |
| الدور | مراجع. |
| 700 1# - المدخل الاضافى - اسم شخصى | |
| الإسم الشخصى | فراج، عبد المجيد، |
| الدور | مراجع. |
| 942 ## - عناصر المدخل الإضافي( كوها) | |
| مصدر التصنيف او مخطط الترفيف | Dewey Decimal Classification |
| حالة التراجع | حالة الفقد | مصدر التصنيف او خطة الترفيف | حالة تلف | ليس للاعارة | مجموعات كوها | المكان الدائم | المكان الحالي | موقع الترفيف | تاريخ الاكتساب | Source of acquisition | رقم الاستدعاء | الباركود | Date last seen | تبصرة غير عامة( المفوع للعناصر المفقوده) | نوع الوعاء |
|---|---|---|---|---|---|---|---|---|---|---|---|---|---|---|---|
| Dewey Decimal Classification | Donation-Gift | Central Library | Central Library | Ground Floor | 28/04/2018 | Donation | 331.1109174927 س ك ا | 000043355 | 15/07/2025 | إهداء من أ. محمد فريد خميس | Book - Borrowing |